00626 2200229 4500001002100000005001500021035002000036007000300056008004100059020001800100082001000118084001600128100001000144245008900154260004500243300003100288650001200319700002300331700001800354990001200372990001200384INLIS00000000000172720180313113317 a0010-0318000070ta180313 g 0 ind  a9786020335926 a641.5 a641.5 NAD m0 aNADIA1 aMy Kitchen Diary Korean Food @Home /cNadia; editor, Intarina Hardiman, Yudho Asmoro aJakarta :bGramedia Pustaka Utama,c2016 a57 hlm. :bilus. ;c23 cm. aMASAKAN0 aINTARINA, Hardiman0 aYUDHO, Asmoro a16810 a a16810 b